Statistics for Disney Animated Animal Sidekicks

Click here to take the quiz!

General Stats

  • This quiz has been taken 163 times
  • The average score is 12 of 18

Answer Stats

MovieCharacterSidecharacter% Correct
AladdinAladdinAbu
96%
BambiBambiThumper
87%
FrozenKristoffSven
86%
The Little MermaidArielFlounder
85%
PinocchioPinocchioJiminy Cricket
82%
The Little MermaidArielSebastian
79%
AladdinJafarIago
78%
TangledRapunzelPascal
73%
MoanaMoanaHeihei
72%
AladdinJasmineRajah
70%
The Little MermaidEricMax
69%
MoanaMoanaPua
59%
PocahontasPocahontasMeeko
57%
TangledCaptain of the GuardsMaximus
53%
The Little MermaidUrsulaFlotsam
43%
The Little MermaidUrsulaJetsam
43%
DumboDumboTimothy Q. Mouse
43%
PocahontasPocahontasFlit
37%

Score Distribution

Percentile by Number Answered

Percent of People with Each Score

Your Score History

You have not taken this quiz